Signification et application de la technique du cout d'opportunite aux projets de loisir
Saved in:
| Main Author: | |
|---|---|
| Other Authors: | |
| Format: | Book |
| Language: | French |
| Published: |
Paris :
Centre des hautes etudes touristiques,
1974
|
| Series: | Cahiers du tourisme. Serie C ;
; 27 |
| Subjects: | |
| Tags: |
Add Tag
No Tags, Be the first to tag this record!
|
MARC
| LEADER | 00000nam a2200000 i 4500 | ||
|---|---|---|---|
| 001 | 1/19247 | ||
| 008 | 960624s1974 fre d | ||
| 035 | |l 10021204 | ||
| 040 | |a GR-MY-UA |b gre |e aacr | ||
| 041 | 0 | |a fre | |
| 082 | 0 | |a 338.4791 | |
| 100 | 1 | |a Auger, J. | |
| 245 | 1 | 0 | |a Signification et application de la technique du cout d'opportunite aux projets de loisir / |c J.Auger, R.Avossa |
| 260 | |a Paris : |b Centre des hautes etudes touristiques, |c 1974 | ||
| 300 | |a 52 p. | ||
| 490 | 1 | |a Cahiers du Tourisme. Serie C |v ; 27 | |
| 500 | |a Includes references | ||
| 650 | 0 | 0 | |a Tourism. |
| 700 | 1 | |a Avossa, R. | |
| 830 | 0 | |a Cahiers du tourisme. Serie C ; |v ; 27 | |
| 852 | |a INST |b CHIOS |e 19960624 |h 338.4791 AUG |p 005200017411 |q 005200017411 |t BK |y 0 | ||
| 909 | |a Χ |b 037737 | ||